• 首页
  • 本馆介绍
  • 公告通知
  • 最新文献
  • 馆藏检索
  • 电子资源
  • 读者导购
  • 参考咨询
  • 我的图书馆
  • 登录
  • 详细信息显示
  • 放入我的书架
  • 预约/预借图书
  • 作者相关作品
  • 分类相关作品
  • 丛书相关作品
  • 出版社相关作品

书目信息

  • 表格格式
  • 工作单格式
  • 卡片格式
题名:
九十年代台湾政治
    
 
作者: 荆尧 编
分册:  
出版信息: 北京   华艺出版社  1991.9
页数: 376页
开本: 19cm
丛书名:
单 册:
中图分类: D675.8
科图分类:
主题词: 政治--概况--台湾
电子资源:
ISBN: 7-80039-437-9
000 00786nam0 2200241 450
001 0100363760
005 20020928000000.0
010    @a7-80039-437-9@dCNY5.40
011    @a7-80039-437-9
100    @a19920814d1991 emky0chiy0110 ea
101 0  @achi
102    @aCN@b110000
105    @ay z 100yy
106    @ar
200 1  @a九十年代台湾政治@9Jiu Shi Nian Dai Tai Wan Zheng Zhi @f荆 尧等编@b专著
210    @a北京@c华艺出版社@d1991.9
215    @a376页@d19cm
330    @a本书是一次台湾问题学术研讨会的论文集,所收论文题目从社会形态、文化价值观、政局发展、两岸关系到台湾岛内的“统独”之争等几乎囊括了台湾社会所有大的层面。
606 0  @a政治@x概况@y台湾
690    @aD675.8
701  0 @a荆尧@9jing yao@4编
801  0 @aCN@bAiZhiMarc@c19920814
905    @aBZT@dD67@e6@f1@sD67/6
    
    九十年代台湾政治/荆 尧等编.-北京:华艺出版社,1991.9
    376页;19cm
    
    
    ISBN 7-80039-437-9:CNY5.40
    本书是一次台湾问题学术研讨会的论文集,所收论文题目从社会形态、文化价值观、政局发展、两岸关系到台湾岛内的“统独”之争等几乎囊括了台湾社会所有大的层面。
●
相关链接 在五车中查询图书 在当当中查询图书 在豆瓣中查询图书


正题名:九十年代台湾政治     索取号:D67/6         预约/预借

序号 登录号 条形码 馆藏地/架位号 状态 备注
1 2000100852   2000100852   旧书回溯/ [索取号:D67/6] 在馆    
山东省滨州职业学院图书馆 欢迎您!
大连网信软件有限公司© 版权所有